[Event "Olympiad-39"]
[Site "Khanty-Mansiysk"]
[Date "2010.09.30"]
[Round "9.3"]
[White "Chogdov, Munkhbat"]
[Black "Lin, Chieh Sheng Jason"]
[Result "1-0"]
[WhiteElo "2236"]
[BlackElo "1736"]
[PlyCount "97"]
[EventDate "2010.09.21"]
[EventType "team-swiss"]
[EventRounds "11"]
[EventCountry "RUS"]
[SourceTitle "CBM 139"]
[Source "ChessBase"]
[SourceDate "2010.11.18"]
[SourceVersion "1"]
[SourceVersionDate "2010.11.18"]
[SourceQuality "1"]
[WhiteTeam "Korea"]
[BlackTeam "Taiwan"]
[WhiteTeamCountry "KOR"]
[BlackTeamCountry "TPE"]

1. c4 Nf6 2. Nc3 g6 3. g3 Bg7 4. Bg2 0-0 5. e3 c5 6. Nge2 Nc6 7. 0-0 d6 8. d4 Bd7 9. b3 Qc8 10. Re1 Bh3 11. Bh1 Bg4 12. Bb2 a6 13. Qd2 Rb8 14. Rac1 Re8 15. dxc5 dxc5 16. f3 Be6 17. e4 Rd8 18. Nd5 b6 19. Nef4 Qb7 20. Red1 Ne8 21. Bxg7 Nxg7 22. Qe3 Nd4 23. Bg2 Rbc8 24. h4 Bxd5 25. Nxd5 Nh5 26. f4 e6 27. Nc3 Qe7 28. Bh3 b5 29. cxb5 axb5 30. e5 Ra8 31. Rd2 Ra7 32. Ne4 Rc7 33. Rcd1 Rcd7 34. g4 f5 35. exf6 Nxf6 36. Nxf6+ Qxf6 37. g5 Qe7 38. Kh1 Rd6 39. Qe5 Qb7+ 40. Bg2 Qf7 41. b4 R8d7 42. bxc5 Nc6 43. Qxd6 Rxd6 44. Rxd6 Ne7 45. Rd8+ Kg7 46. R1d7 e5 47. fxe5 Qe6 48. c6 Qxe5 49. Rxe7+ 1-0

[Event "Olympiad-39"]
[Site "Khanty-Mansiysk"]
[Date "2010.09.24"]
[Round "4.2"]
[White "Dos Santos Lima, Osvaldo Gama"]
[Black "Lin, Chieh Sheng Jason"]
[Result "0-1"]
[WhiteElo "1727"]
[BlackElo "1736"]
[PlyCount "64"]
[EventDate "2010.09.21"]
[EventType "team-swiss"]
[EventRounds "11"]
[EventCountry "RUS"]
[SourceTitle "CBM 139"]
[Source "ChessBase"]
[SourceDate "2010.11.18"]
[SourceVersion "1"]
[SourceVersionDate "2010.11.18"]
[SourceQuality "1"]
[WhiteTeam "Sao Tome and Principe"]
[BlackTeam "Taiwan"]
[WhiteTeamCountry "SAO"]
[BlackTeamCountry "TPE"]

1. c4 e5 2. Nc3 Nf6 3. e4 Bc5 4. h3 0-0 5. Nf3 d6 6. Be2 Nc6 7. d3 Ne7 8. Be3 Bb6 9. Qd2 c6 10. 0-0 Ng6 11. Na4 Bc7 12. Bg5 h6 13. Bxf6 Qxf6 14. Nh2 Nf4 15. Kh1 Qg6 16. Rg1 f5 17. Bf3 fxe4 18. dxe4 Ne6 19. Rae1 Ng5 20. Qe2 Qf7 21. b3 Nxf3 22. gxf3 Bd8 23. Qd2 Qe6 24. Rg4 Bg5 25. Qd1 Qf6 26. c5 Bxg4 27. hxg4 Bf4 28. Kg2 dxc5 29. Nxc5 Rad8 30. Qe2 Rd2 31. Qc4+ Kh8 32. Ne6 Qh4 0-1